00723 2200169 4500245008200000250001100082100004500093700003500138650001600173005001900189260004400208041001400252084001000266300002500276500024300301336000900544 aPelajaran Tauhid untuk PemulacAbdul Aziz bin Muhammad Alu Abdil LathifhText aCet. 5 aAbdul Aziz bin Muhammad Alu Abdil Lathif aAinul Haris Umar Arifin Thayib aIlmu Tauhid a20240507081124 aJakartabYayasan Al-Sofwa Jakartac2012 aIndonesia a2X3.1 ax, 52 hlm. :c21 cm. aAkidah dan Tauhid adalah pondasi bangunan agama. Anak-anak yang baru tumbuh adalah laksana sebidang tanah yang di atasnya siap didirikan bangunan. Maka menanamkan Akidah dan Tauhid sejak dini bagi anak-anak muslim adalah suatu keharusan. atext